Tổng hợp, nghiên cứu tính chất của các hạt Nano Fe3O4@Au dùng trong chẩn đoán bệnh viêm gan siêu vi B : Luận văn thạc sĩ vật lý. Chuyên ngành : Vật lý kỹ thuật

Luận văn tìm hiểu về từ, các tính chất, công nghệ tổng hợp các hạt Nano từ và các ứng dụng của chúng trong y sinh học. Tổng hợp, nghiên cứu tính chất của các hạt Nano từ Fe3O4@Au có cấu trúc lõi/vỏ có thể dùng trong chẩn đoán bệnh viêm...

पूर्ण विवरण

में बचाया:
ग्रंथसूची विवरण
मुख्य लेखक: Phan, Quang Vinh
स्वरूप: पुस्तक
भाषा:Undetermined
प्रकाशित: Cần Thơ Trường Đại học Cần Thơ 2009
विषय:
टैग : टैग जोड़ें
कोई टैग नहीं, इस रिकॉर्ड को टैग करने वाले पहले व्यक्ति बनें!
Thư viện lưu trữ: Trung tâm Học liệu Trường Đại học Cần Thơ
LEADER 01401nam a2200229Ia 4500
001 CTU_157480
008 210402s9999 xx 000 0 und d
082 |a 620.43 
082 |b V312 
088 |a 60440103 
100 |a Phan, Quang Vinh 
245 0 |a Tổng hợp, nghiên cứu tính chất của các hạt Nano Fe3O4@Au dùng trong chẩn đoán bệnh viêm gan siêu vi B : 
245 0 |b Luận văn thạc sĩ vật lý. Chuyên ngành : Vật lý kỹ thuật 
245 0 |c Phan Quang Vinh; Trần Hoàng Hải (Hướng dẫn khoa học) 
260 |a Cần Thơ 
260 |b Trường Đại học Cần Thơ 
260 |c 2009 
520 |a Luận văn tìm hiểu về từ, các tính chất, công nghệ tổng hợp các hạt Nano từ và các ứng dụng của chúng trong y sinh học. Tổng hợp, nghiên cứu tính chất của các hạt Nano từ Fe3O4@Au có cấu trúc lõi/vỏ có thể dùng trong chẩn đoán bệnh viêm gan siêu vi B. 
650 |a Magnetic materials,Nanostructures,Nanoparticles,Vật liệu từ tính,Cấu trúc nano,Biomedical materials,Vật liệu y sinh,Viên cực nhỏ 
650 |x Magnetic properties,Từ tính 
904 |i Năm 
980 |a Trung tâm Học liệu Trường Đại học Cần Thơ